000 00298nam a22001217a 4500
008 180216b xxu||||| |||| 00| 0 eng d
041 _aeng
080 _a61
100 _a4
101 _aSHM
245 _aGi masters program: healing horizons in acid reflux disease
_cRichter,J.E
942 _2udc
_cBK
999 _c42743
_d42743